|
|
|
|
| LEADER |
00000nam0a2200000 4500 |
| 001 |
371552 |
| 005 |
20231102012406.0 |
| 035 |
|
|
|a (RuTPU)RU\TPU\retro\28962
|
| 090 |
|
|
|a 371552
|
| 100 |
|
|
|a 20221026d1978 km y0rusy50 ca
|
| 101 |
0 |
|
|a rus
|
| 102 |
|
|
|a RU
|
| 105 |
|
|
|a a z 001zy
|
| 200 |
1 |
|
|a Использование льдов в качестве оснований сооружений
|f Е. И. Гайдаенко
|g Академия наук СССР, Сибирское отделение, Институт мерзлотоведения
|
| 210 |
|
|
|a Новосибирск
|c Наука
|d 1978
|
| 215 |
|
|
|a 82 с.
|c ил.
|
| 320 |
|
|
|a Библиогр.: с. 76-80
|
| 606 |
1 |
|
|a Лед
|x Строительный материал
|2 stltpush
|3 (RuTPU)RU\TPU\subj\39921
|9 59819
|
| 610 |
1 |
|
|a льды
|
| 610 |
1 |
|
|a механические свойства
|
| 610 |
1 |
|
|a исследование
|
| 610 |
1 |
|
|a реологические особенности
|
| 610 |
1 |
|
|a длительная прочность
|
| 610 |
1 |
|
|a ползучесть
|
| 610 |
1 |
|
|a испытание
|
| 610 |
1 |
|
|a сваи
|
| 610 |
1 |
|
|a смерзание
|
| 610 |
1 |
|
|a установка в лед
|
| 675 |
|
|
|a 624.14
|v 4
|
| 700 |
|
1 |
|a Гайдаенко
|b Е. И.
|g Евгений Исидорович
|
| 712 |
0 |
2 |
|a Академия наук СССР
|b Сибирское отделение
|b Институт мерзлотоведения
|c (Якутск)
|2 stltpush
|3 (RuTPU)RU\TPU\col\12256
|9 25362
|
| 801 |
|
1 |
|a RU
|b 63413507
|c 20221026
|
| 942 |
|
|
|c BK
|